Persuasion reception and responsibility
Đã lưu trong:
| Hovedforfatter: | |
|---|---|
| Format: | Bog |
| Sprog: | Undetermined |
| Udgivet: |
Belmont, CA
Wadsworth Pub
2003
|
| Fag: | |
| Online adgang: | http://lrc.tdmu.edu.vn/opac/search/detail.asp?aID=2&ID=7285 |
| Tags: |
Tilføj Tag
Ingen Tags, Vær først til at tagge denne postø!
|
| Thư viện lưu trữ: | Trung tâm Học liệu Trường Đại học Thủ Dầu Một |
|---|
| LEADER | 00665nam a2200205Ia 4500 | ||
|---|---|---|---|
| 001 | TDMU_7285 | ||
| 008 | 210410s9999 xx 000 0 und d | ||
| 082 | |a 303.342 | ||
| 090 | |b L109 | ||
| 100 | |a Larson, Charles U | ||
| 245 | 0 | |a Persuasion | |
| 245 | 0 | |b reception and responsibility | |
| 245 | 0 | |c Charles U. Larson | |
| 260 | |a Belmont, CA | ||
| 260 | |b Wadsworth Pub | ||
| 260 | |c 2003 | ||
| 300 | |a xi, 404 p. | ||
| 650 | |a Persuasion (Psychology); Negotiation; Đàm phán; Thuyết phục (Tâm lý học) | ||
| 856 | |u http://lrc.tdmu.edu.vn/opac/search/detail.asp?aID=2&ID=7285 | ||
| 980 | |a Trung tâm Học liệu Trường Đại học Thủ Dầu Một | ||